000 00875cab a2200289 4500
001 WB3513-22
008 090401t1999 xxu||||| |||| 00| 0 eng d
035 _a(Sirsi) u92428
041 _aeng
245 _aSpain and UK winners
260 _c1999
350 _a0
490 _aWeekend Financial Times
_v27/28 March 1999, 2(1)
520 _aThe UK and Spain were amongst the biggest winners from European Union regional aid. Cornwall, west Wales and South Yorkshire qualified for Objective 1 status for the first time.
650 _aCORNWALL
650 _aEUROPEAN UNION REGIONAL AID
650 _aOBJECTIVE 1 STATUS
650 _aSOUTH YORKSHIRE
650 _aSPAIN
650 _aSTRUCTURAL FUNDS
650 _aUNITED KINGDOM
650 _aWELSH VALLEYS
650 _aWEST WALES
690 _aECONOMIC AND SOCIAL
942 _n0
948 _c30/03/1999
999 _c58593
_d58593